El observatorio de juventud, politicas y expresiones esteticas juveniles en Medellin (Registro nro. 344706)
[ vista simple ]
| 000 -CABECERA | |
|---|---|
| campo de control de longitud fija | 01120nam a2200313 u 4500 |
| 001 - NÚMERO DE CONTROL | |
| campo de control | 907433 |
| 005 - FECHA Y HORA DE LA ÚLTIMA TRANSACCIÓN | |
| campo de control | 20260506154536.0 |
| 007 - CAMPO FIJO DE DESCRIPCIÓN FÍSICA--INFORMACIÓN GENERAL | |
| campo de control de longitud fija | co||||||| |
| 008 - DATOS DE LONGITUD FIJA--INFORMACIÓN GENERAL | |
| campo de control de longitud fija | 050202s2004 spa |
| 035 ## - NÚMERO DE CONTROL DEL SISTEMA | |
| Número de control de sistema | 907433 |
| 040 ## - FUENTE DE LA CATALOGACIÓN | |
| Centro/agencia transcriptor | comduadb |
| 041 ## - CÓDIGO DE LENGUA | |
| Código de lengua del texto/banda sonora o título independiente | spa |
| 080 ## - NÚMERO DE LA CLASIFICACIÓN DECIMAL UNIVERSAL | |
| Número de la Clasificación Decimal Universal | Q/CD |
| 082 #4 - NÚMERO DE LA CLASIFICACIÓN DECIMAL DEWEY | |
| Número de clasificación | 305 |
| 100 10 - ENTRADA PRINCIPAL--NOMBRE DE PERSONA | |
| Nombre de persona | Cano Araque, Juan Alexander |
| Código de función | aut |
| Término indicativo de función/relación | Autor/a |
| 9 (RLIN) | 535776 |
| 245 13 - TÍTULO PROPIAMENTE DICHO | |
| Título propiamente dicho | El observatorio de juventud, politicas y expresiones esteticas juveniles en Medellin |
| 260 ## - PUBLICACIÓN, DISTRIBUCIÓN, ETC. | |
| Lugar de publicación, distribución, etc. | Medellín : |
| Nombre del editor, distribuidor, etc. | [sin publicador], |
| Fecha de publicación, distribución, etc. | 2004. |
| 300 ## - DESCRIPCIÓN FÍSICA | |
| Extensión | 1 CD ROM |
| 500 ## - NOTA GENERAL | |
| Nota general | Tesis (Especialista en Gerencia del Desarrollo Social). Universidad de Antioquia - Título del grado otorgado |
| 610 24 - PUNTO DE ACCESO ADICIONAL DE MATERIA--NOMBRE DE ENTIDAD CORPORATIVA | |
| Nombre de entidad corporativa o nombre de jurisdicción como elemento de entrada | Universidad de Antioquia |
| 9 (RLIN) | 855680 |
| 610 14 - PUNTO DE ACCESO ADICIONAL DE MATERIA--NOMBRE DE ENTIDAD CORPORATIVA | |
| Nombre de entidad corporativa o nombre de jurisdicción como elemento de entrada | Medellín (Antioquia, Colombia). |
| Unidad subordinada | Alcaldía |
| 9 (RLIN) | 834334 |
| 650 ## - PUNTO DE ACCESO ADICIONAL DE MATERIA--TÉRMINO DE MATERIA | |
| Término de materia o nombre geográfico como elemento de entrada | Políticas de juventud |
| 9 (RLIN) | 124014 |
| 650 ## - PUNTO DE ACCESO ADICIONAL DE MATERIA--TÉRMINO DE MATERIA | |
| Término de materia o nombre geográfico como elemento de entrada | Observatorio de la Juventud - Medellín |
| 9 (RLIN) | 143954 |
| 650 ## - PUNTO DE ACCESO ADICIONAL DE MATERIA--TÉRMINO DE MATERIA | |
| Término de materia o nombre geográfico como elemento de entrada | Medellín (Antioquia) - Jóvenes |
| 9 (RLIN) | 119809 |
| 650 #7 - PUNTO DE ACCESO ADICIONAL DE MATERIA--TÉRMINO DE MATERIA | |
| Término de materia o nombre geográfico como elemento de entrada | Grupos sociales |
| Fuente del encabezamiento o término | lemb |
| 9 (RLIN) | 852 |
| 650 #7 - PUNTO DE ACCESO ADICIONAL DE MATERIA--TÉRMINO DE MATERIA | |
| Término de materia o nombre geográfico como elemento de entrada | Juventud |
| Fuente del encabezamiento o término | lemb |
| 9 (RLIN) | 130190 |
| 650 ## - PUNTO DE ACCESO ADICIONAL DE MATERIA--TÉRMINO DE MATERIA | |
| Término de materia o nombre geográfico como elemento de entrada | Secretaría de Cultura Ciudadana de Medellín |
| 9 (RLIN) | 153767 |
| 942 ## - ELEMENTOS DE ENTRADA AGREGADA (KOHA) | |
| Tipo de ítem Koha | Tesis |
| Estado de retiro | Estado de pérdida | Estado dañado | No para préstamo | Código de colección | Localización permanente | Ubicación/localización actual | Fecha de adquisición | Fuente de adquisición | Número de inventario | Total de préstamos | Signatura topográfica completa | Código de barras | Fecha visto por última vez | Número de copia | Precio válido a partir de | Tipo de ítem Koha |
|---|---|---|---|---|---|---|---|---|---|---|---|---|---|---|---|---|
| Colección de Tesis Digitales. Piso 2 | Biblioteca Carlos Gaviria Díaz, Campus Medellín | Biblioteca Carlos Gaviria Díaz, Campus Medellín | 02/02/2005 | Material adquirido por donación | C854404 | 305.235 C227 CD-ROM | 0541846 | 26/04/2023 | 1 | 26/04/2023 | Digital (CD-ROM, DVD, Blu-Ray, USB) | |||||
| Colección Digital (Discos Ópticos, DVD) | CRAI María Teresa Uribe (FCSH, Bl. 9-305) | CRAI María Teresa Uribe (FCSH, Bl. 9-305) | 08/10/2007 | C967813 | Q/CD-05420 | 0617753 | 26/04/2023 | 2 | 26/04/2023 | Digital (CD-ROM, DVD, Blu-Ray, USB) |